<?xml version="1.0" encoding="UTF-8"?>
<record
    xmlns:xsi="http://www.w3.org/2001/XMLSchema-instance"
    xsi:schemaLocation="http://www.loc.gov/MARC21/slim http://www.loc.gov/standards/marcxml/schema/MARC21slim.xsd"
    xmlns="http://www.loc.gov/MARC21/slim">

  <leader>00319nam a22001337a 4500</leader>
  <controlfield tag="008">240404b        |||||||| |||| 00| 0 eng d</controlfield>
  <datafield tag="020" ind1=" " ind2=" ">
    <subfield code="a">9781529022148</subfield>
  </datafield>
  <datafield tag="082" ind1=" " ind2=" ">
    <subfield code="a">813.54</subfield>
  </datafield>
  <datafield tag="100" ind1=" " ind2=" ">
    <subfield code="a">Stell, Danielle.</subfield>
  </datafield>
  <datafield tag="245" ind1=" " ind2=" ">
    <subfield code="a">The High Notes:</subfield>
    <subfield code="b">A stare is Born</subfield>
  </datafield>
  <datafield tag="300" ind1=" " ind2=" ">
    <subfield code="a">291 p.;</subfield>
    <subfield code="c">19.7 Cm.</subfield>
  </datafield>
  <datafield tag="942" ind1=" " ind2=" ">
    <subfield code="2">ddc</subfield>
  </datafield>
  <datafield tag="999" ind1=" " ind2=" ">
    <subfield code="c">9828</subfield>
    <subfield code="d">9829</subfield>
  </datafield>
  <datafield tag="952" ind1=" " ind2=" ">
    <subfield code="0">0</subfield>
    <subfield code="1">0</subfield>
    <subfield code="2">ddc</subfield>
    <subfield code="4">0</subfield>
    <subfield code="7">0</subfield>
    <subfield code="8">FIC</subfield>
    <subfield code="a">RTCLIB</subfield>
    <subfield code="b">RTCLIB</subfield>
    <subfield code="c">FIC</subfield>
    <subfield code="d">2024-04-04</subfield>
    <subfield code="h">18551</subfield>
    <subfield code="l">4</subfield>
    <subfield code="m">11</subfield>
    <subfield code="o">FIC 813.54 STE</subfield>
    <subfield code="p">30019267</subfield>
    <subfield code="r">2025-11-17 00:00:00</subfield>
    <subfield code="s">2025-10-31</subfield>
    <subfield code="w">2024-04-04</subfield>
    <subfield code="y">FIC</subfield>
  </datafield>
</record>
